Activity-based costing model for construction projects (Record no. 74041)
[ view plain ]
| 000 -LEADER | |
|---|---|
| fixed length control field | 00913cab a2200205 4500 |
| 001 - CONTROL NUMBER | |
| control field | ABS67300 |
| 008 - FIXED-LENGTH DATA ELEMENTS--GENERAL INFORMATION | |
| fixed length control field | 040107n2003 000 0 eng u |
| 035 ## - SYSTEM CONTROL NUMBER | |
| System control number | (Sirsi) u124752 |
| 100 ## - MAIN ENTRY--PERSONAL NAME | |
| Personal name | Khalil, M. |
| 245 ## - TITLE STATEMENT | |
| Title | Activity-based costing model for construction projects |
| 260 ## - PUBLICATION, DISTRIBUTION, ETC. | |
| Date of publication, distribution, etc. | 2003 |
| 490 ## - SERIES STATEMENT | |
| Series statement | Building Economist |
| Volume/sequential designation | December 2003, 4-10(7) |
| 520 ## - SUMMARY, ETC. | |
| Summary, etc. | Proposes a generic model to assign overhead costs not only to projects but also to activities and project elements, making it useful in various decision-making situations in building construction projects. Argues that the traditional method of allocating overhead costs to projects is inadequate in providing sufficiently accurate cost distribution. Tables and references. |
| 590 ## - LOCAL NOTE (RLIN) | |
| Local note | ABS |
| 650 ## - SUBJECT ADDED ENTRY--TOPICAL TERM | |
| Topical term or geographic name entry element | OVERHEAD COSTS |
| 650 ## - SUBJECT ADDED ENTRY--TOPICAL TERM | |
| Topical term or geographic name entry element | BUILDING PROJECTS |
| 650 ## - SUBJECT ADDED ENTRY--TOPICAL TERM | |
| Topical term or geographic name entry element | DECISION-MAKING |
| 690 ## - LOCAL SUBJECT ADDED ENTRY--TOPICAL TERM (OCLC, RLIN) | |
| Topical term or geographic name as entry element | BUILT ENVIRONMENT-BUILDING COSTS |
| 942 ## - ADDED ENTRY ELEMENTS (KOHA) | |
| Suppress in OPAC | 0 |
| Withdrawn status | Lost status | Source of classification or shelving scheme | Damaged status | Not for loan | Home library | Current library | Shelving location | Date acquired | Total Checkouts | Full call number | Barcode | Date last seen | Copy number | Price effective from | Koha item type |
|---|---|---|---|---|---|---|---|---|---|---|---|---|---|---|---|
| Dewey Decimal Classification | London | London | Journal article | 07/01/2004 | ABS67300 | 124752-1001 | 06/08/2019 | 1 | 06/08/2019 | Journal article |